| 000 | 00664cam a2200145 4500500 | ||
|---|---|---|---|
| 005 | 20260208001104.0 | ||
| 041 | _afre | ||
| 042 | _adc | ||
| 100 | 1 | 0 |
_aGuffroy, Jean _eauthor |
| 245 | 0 | 0 | _aArchéologie et systèmes socio-environnementaux : études multiscalaires sur la vallée du Rhône dans le programme ARCHAEOMEDES, Jean-Luc Fiches, François Favory, Sander Van der Leeuw (Eds), CNRS Éditions, 2003, 408 p. |
| 260 | _c2005. | ||
| 500 | _a9 | ||
| 786 | 0 | _nNatures Sciences Sociétés | 13 | 4 | 2005-12-01 | p. 461f-471f | 1240-1307 | |
| 856 | 4 | 1 | _uhttps://stm.cairn.info/revue-natures-sciences-societes-2005-4-page-461f?lang=fr&redirect-ssocas=7080 |
| 999 |
_c1644338 _d1644338 |
||